[Event "Lindores Abbey Blitz Tal Memorial"]
[Site "Riga"]
[Date "2021.11.08"]
[Round "9.27"]
[White "Swiercz, Dariusz"]
[Black "Petrosyan, Manuel"]
[Result "1-0"]
[WhiteElo "2689"]
[BlackElo "2553"]
[PlyCount "59"]
[EventDate "2021.11.08"]
[EventType "swiss (blitz)"]
[EventRounds "18"]
[EventCountry "LAT"]
[SourceTitle "CBM 205 Extra"]
[Source "ChessBase"]
[SourceDate "2022.01.31"]
[SourceVersion "1"]
[SourceVersionDate "2022.01.31"]
[SourceQuality "1"]

1. Nf3 d5 2. b3 c5 3. e3 Nc6 4. Bb5 Bd7 5. O-O e6 6. Bb2 Nge7 7. d4 a6 8. Bd3 cxd4 9. exd4 Ng6 10. Re1 Bd6 11. c4 O-O 12. Nc3 dxc4 $146 ({RR} 12... Nce7 13. g3 dxc4 14. bxc4 Bc6 15. Ne4 Bb4 16. Rf1 b5 17. c5 Ba5 18. Qe2 Bc7 19. Rad1 Nd5 20. Ne5 Bxe5 21. dxe5 Qa5 22. Qh5 h6 23. Nf6+ Nxf6 24. exf6 Qxa2 25. fxg7 Rfd8 26. Bxg6 Qxb2 27. Bxf7+ {Swiercz,D (2649)-Grigoriants,S (2542) Chess.com INT 2020 1-0}) 13. bxc4 Rc8 14. g3 Be7 15. Rc1 b5 16. c5 Nb4 17. h4 Nxd3 18. Qxd3 Bf6 19. Ne4 Bc6 20. Nxf6+ Qxf6 21. d5 Qxb2 22. dxc6 Ne7 23. h5 Nxc6 24. h6 g6 25. Qe4 Qf6 26. Red1 Rfd8 27. Rd6 Na5 28. Rcd1 Nc4 29. Qf4 Qe7 30. Qd4 1-0

[Event "Lindores Abbey Blitz Tal Memorial"]
[Site "Riga"]
[Date "2021.11.08"]
[Round "11.14"]
[White "Anton Guijarro, David"]
[Black "Jobava, Baadur"]
[Result "1-0"]
[WhiteElo "2613"]
[BlackElo "2731"]
[PlyCount "161"]
[EventDate "2021.11.08"]
[EventType "swiss (blitz)"]
[EventRounds "18"]
[EventCountry "LAT"]
[SourceTitle "CBM 205 Extra"]
[Source "ChessBase"]
[SourceDate "2022.01.31"]
[SourceVersion "1"]
[SourceVersionDate "2022.01.31"]
[SourceQuality "1"]

1. Nf3 d5 2. b3 c6 3. Bb2 Nf6 4. d3 Bf5 ({RR} 4... g6 5. Nbd2 Bg7 6. e4 O-O 7. Be2 Bg4 8. h3 Bxf3 9. Bxf3 dxe4 10. dxe4 Nfd7 11. Bxg7 Kxg7 12. Qc1 Na6 13. Qb2+ f6 14. Nc4 b5 15. Ne3 Qa5+ 16. c3 Ne5 17. O-O Nxf3+ 18. gxf3 Qc7 19. a4 {Nakamura,H (2802)-Damjanovic,V (2361) chess.com INT 2024 1-0 (37)}) ({RR} 4... Bg4 5. Nbd2 Nbd7 6. h3 Bxf3 7. Nxf3 g6 8. g3 Bg7 9. Bg2 O-O 10. O-O e6 11. c4 a5 12. a3 Qe7 13. Ra2 Ne8 14. Bxg7 Nxg7 15. e4 dxe4 16. dxe4 e5 17. Rd2 Rfd8 18. Qc2 Qxa3 19. Rfd1 {Pein,J (2228)-Jobava,B (2600) Chess.com INT 2022 0-1 (36)}) 5. Nh4 e6 $146 ({RR} 5... Bg4 6. h3 Bc8 7. Nd2 g6 8. e4 Bg7 9. e5 Nfd7 10. f4 e6 11. Nhf3 c5 12. c4 Nc6 13. cxd5 exd5 14. d4 cxd4 15. Bb5 Qb6 16. Bxc6 bxc6 17. Bxd4 c5 18. Bb2 Ba6 19. Kf2 O-O 20. Re1 {Ruiz C,J (2425)-Zakirov,M (2203) chess.com INT 2024 ½-½ (52)}) ({RR} 5... Bg4 6. h3 Bd7 7. g4 h6 8. Nd2 e6 9. Bg2 Be7 10. Nhf3 c5 11. e3 Nc6 12. Ne5 Nxe5 13. Bxe5 Bc6 14. Qe2 Qa5 15. a4 Rg8 16. O-O Nd7 17. Bb2 Bf6 18. Bxf6 gxf6 19. e4 O-O-O 20. f4 {Materia,M (2474)-Masruri,R (2407) chess.com INT 2025 1-0 (41)}) 6. Nxf5 exf5 7. Nd2 Nbd7 8. e3 Bd6 9. g3 Qe7 10. a3 h5 11. Nf3 O-O-O 12. Bg2 Ne5 13. b4 g6 14. Qd2 Nxf3+ 15. Bxf3 Be5 16. O-O-O h4 17. Kb1 Bxb2 18. Kxb2 Kb8 19. Qc3 a6 20. Qd4 Nd7 21. Be2 Ne5 22. Rde1 Qd6 23. f4 Nd7 24. g4 fxg4 25. Bxg4 Rhe8 26. Bxd7 Rxd7 27. Rhg1 Qe6 28. Ref1 Qxe3 29. Qxe3 Rxe3 30. f5 gxf5 31. Rxf5 Re2 32. h3 Re3 33. Rh1 Kc7 34. Rf4 Kd6 35. Rxh4 f5 36. Rh8 Rf7 37. h4 f4 38. h5 Ree7 39. h6 Rh7 40. Rxh7 Rxh7 41. Kc3 Ke5 42. Kd2 Kf5 43. Ke2 Kg4 44. Kf2 d4 45. a4 b6 46. Rg1+ Kf5 47. Rh1 Kg4 48. Rh2 a5 49. bxa5 bxa5 50. Rh1 c5 51. Rh2 f3 52. Rh1 Kf4 53. Rh4+ Kg5 54. Rh3 Kg4 55. Rg3+ Kh4 56. Rg1 Kh5 57. Kxf3 Rf7+ 58. Ke4 Kxh6 59. Kd5 Rb7 60. Kxc5 Rb4 61. Rg4 Rxa4 62. Rxd4 Ra2 63. Rc4 Rb2 64. c3 Rb3 65. Kd4 Kg6 66. Ra4 Rb5 67. c4 Rh5 68. Ra1 Kf6 69. c5 Ke6 70. Rxa5 Rh4+ 71. Kc3 Kd5 72. Kd2 Rh2+ 73. Kc3 Rh4 74. d4 Rh3+ 75. Kb4 Rh1 76. Ra8 Rb1+ 77. Kc3 Rc1+ 78. Kd2 Rh1 79. Rd8+ Kc6 80. Kd3 Rc1 81. Rd6+ 1-0

[Event "Lindores Abbey Blitz Tal Memorial"]
[Site "Riga"]
[Date "2021.11.08"]
[Round "12.12"]
[White "Shevchenko, Kirill"]
[Black "Bluebaum, Matthias"]
[Result "1-0"]
[WhiteElo "2574"]
[BlackElo "2681"]
[PlyCount "111"]
[EventDate "2021.11.08"]
[EventType "swiss (blitz)"]
[EventRounds "18"]
[EventCountry "LAT"]
[SourceTitle "CBM 205 Extra"]
[Source "ChessBase"]
[SourceDate "2022.01.31"]
[SourceVersion "1"]
[SourceVersionDate "2022.01.31"]
[SourceQuality "1"]

1. Nf3 d5 2. g3 Bg4 3. Bg2 e6 4. O-O Nf6 5. d3 Be7 6. Nbd2 c5 7. Qe1 $146 ({RR} 7. h3 Bh5 8. e4 Nc6 9. Re1 O-O 10. e5 Nd7 11. g4 Bg6 12. Nf1 b5 13. Ng3 b4 14. g5 c4 15. d4 b3 16. c3 bxa2 17. Rxa2 Qb6 18. Nd2 Bd3 19. Qg4 Rfd8 20. Ndf1 a5 21. Ne3 Nf8 {Kourkoulos Arditis,S (2545)-Parligras,M (2560) Geoagiu Bai ROU 2022 0-1 (35)}) ({RR} 7. h3 Bh5 8. g4 Bg6 9. Ne5 Nbd7 10. Nxg6 hxg6 11. e4 dxe4 12. dxe4 Ne5 13. Qe2 g5 14. Nc4 Nfd7 15. f4 Nxc4 16. Qxc4 O-O 17. e5 Nb6 18. Qe2 gxf4 19. Rd1 Qc7 20. Bxf4 c4 21. c3 Rad8 {Ivanchuk,V (2710)-Lupulescu,C (2606) Batumi 2018 ½-½ (32)}) ({RR} 7. b3 Nc6 8. Bb2 O-O 9. Re1 Qc7 10. e4 d4 11. h3 Bh5 12. a4 Nd7 13. Nc4 e5 14. Qd2 b6 15. c3 a6 16. cxd4 cxd4 17. Ba3 Bxf3 18. Bxe7 Nxe7 19. Bxf3 b5 20. Na3 Qc3 21. Qxc3 dxc3 {Shen,H (1688)-Usov,A (2314) Harbin CHN 2024 0-1}) ({RR} 7. e4 Nc6 8. h3 Bh5 9. c3 O-O 10. Qc2 Qc7 11. Re1 Rad8 12. Nf1 b5 13. Bf4 Qb6 14. e5 Nd7 15. g4 Bg6 16. Qe2 c4 17. d4 b4 18. Ng3 bxc3 19. bxc3 Rb8 20. Qe3 Qa5 21. h4 Bd3 {Piesik,P (2431)-Bluebaum,M (2664) Chess.com INT 2022 0-1}) 7... Nc6 8. c3 O-O 9. h3 Bh5 10. g4 Bg6 11. Nh4 Qc7 12. f4 d4 13. Nc4 b5 14. Nd2 Rad8 15. c4 a6 16. a3 Bd6 17. Qf2 Rfe8 18. Qf3 Rc8 19. b3 Be7 20. Ra2 Nd7 21. Qf2 Qd8 22. Ndf3 bxc4 23. bxc4 Rb8 24. Bd2 Nf6 25. Ng5 Na5 26. Nxg6 hxg6 27. Bf3 Nb3 28. Be1 a5 29. a4 Nd7 30. h4 Bd6 31. Bc6 Qc7 32. Bb5 Re7 33. Rb2 Nc1 34. Bd2 Nxd3 35. exd3 Nf6 36. Qf3 e5 37. fxe5 Bxe5 38. Bf4 Rb7 39. Rbf2 Bxf4 40. Qxf4 Re3 41. Qxc7 Rxc7 42. Rf3 Nxg4 43. Rxf7 Rg3+ 44. Kh1 Rxf7 45. Rxf7 Rxd3 46. Rc7 Kf8 47. Ne6+ Kg8 48. Rc8+ Kf7 49. Nxc5 Rd2 50. Rc7+ Kg8 51. Bc6 d3 52. Rc8+ Kh7 53. Ne4 Rh2+ 54. Kg1 Rxh4 55. Ng5+ Kh6 56. Nf3 1-0

[Event "Lindores Abbey Blitz Tal Memorial"]
[Site "Riga"]
[Date "2021.11.08"]
[Round "12.29"]
[White "Swiercz, Dariusz"]
[Black "Saric, Ivan"]
[Result "1-0"]
[WhiteElo "2689"]
[BlackElo "2575"]
[PlyCount "63"]
[EventDate "2021.11.08"]
[EventType "swiss (blitz)"]
[EventRounds "18"]
[EventCountry "LAT"]
[SourceTitle "CBM 205 Extra"]
[Source "ChessBase"]
[SourceDate "2022.01.31"]
[SourceVersion "1"]
[SourceVersionDate "2022.01.31"]
[SourceQuality "1"]

1. Nf3 Nf6 2. b3 d5 3. Bb2 Bg4 4. e3 Nbd7 5. Be2 e6 6. h3 Bh5 7. Nh4 $146 ({RR} 7. O-O Bd6 8. d4 Ne4 9. c4 c6 10. Nc3 f5 11. Nxe4 fxe4 12. Nd2 Bxe2 13. Qxe2 Qh4 14. f3 Qg3 15. f4 Nf6 16. Qf2 Qxf2+ 17. Rxf2 h5 18. g3 Ke7 19. Kg2 Raf8 20. a4 Rhg8 21. Ba3 Bxa3 {Rethy,P-Balogh,J Budapest 1950 ½-½ (41)}) ({RR} 7. d4 a5 8. a3 Bd6 9. Nbd2 O-O 10. O-O Qe7 11. c4 c6 12. Nh4 Bxe2 13. Qxe2 Ne4 14. Nhf3 f5 15. c5 Bc7 16. b4 e5 17. Nb3 a4 18. Nc1 f4 19. Nd3 fxe3 20. Qxe3 exd4 21. Nxd4 Rae8 {Pranav,A (2513)-Keymer,V (2743) chess.com INT 2024 0-1 (36)}) ({RR} 7. g4 Bg6 8. g5 Ng8 9. h4 Bh5 10. d3 h6 11. Nbd2 Bxf3 12. Bxf3 hxg5 13. hxg5 Rxh1+ 14. Bxh1 Qxg5 15. Qf3 Ngf6 16. O-O-O Qg4 17. Bg2 O-O-O 18. Rh1 Bd6 19. Qxg4 Nxg4 20. Bxg7 Nxf2 21. Rf1 Rg8 {Purtseladze,M (2261)-Duncan,C (2173) chess.com INT 2025 1-0 (66)}) 7... Bxe2 8. Qxe2 Bd6 9. O-O g5 10. Nf3 Rg8 11. Nc3 c6 12. e4 g4 13. hxg4 d4 14. e5 Nxe5 15. Nxe5 Bxe5 16. Qxe5 Nxg4 17. Qh5 dxc3 18. Bxc3 Qd6 19. f3 Rg5 20. Qh4 Qc5+ 21. d4 Qxc3 22. Qxg5 Qxd4+ 23. Kh1 Ne3 24. Rfe1 Nd5 25. Rad1 Qh8 26. c4 Nf6 27. Rd3 Rd8 28. Red1 Rxd3 29. Rxd3 h5 30. Qd2 Ke7 31. Qb4+ Ke8 32. Qd6 1-0

[Event "Lindores Abbey Blitz Tal Memorial"]
[Site "Riga"]
[Date "2021.11.08"]
[Round "13.16"]
[White "Fedoseev, Vladimir1"]
[Black "Kovalenko, Igor"]
[Result "1-0"]
[WhiteElo "2716"]
[BlackElo "2629"]
[PlyCount "63"]
[EventDate "2021.11.08"]
[EventType "swiss (blitz)"]
[EventRounds "18"]
[EventCountry "LAT"]
[SourceTitle "CBM 205 Extra"]
[Source "ChessBase"]
[SourceDate "2022.01.31"]
[SourceVersion "1"]
[SourceVersionDate "2022.01.31"]
[SourceQuality "1"]

1. g3 d5 2. Bg2 c6 3. Nf3 Bg4 4. d3 Nd7 5. h3 Bh5 6. Bf4 ({RR} 6. g4 Bg6 7. Nh4 e6 8. Nxg6 hxg6 9. e3 Bd6 10. Qe2 Ne7 11. Nd2 g5 12. Nf3 Ng6 13. Bd2 Nde5 14. O-O-O Qf6 15. Bc3 Nxf3 16. Bxf6 {1-0 (16) Morozevich,A (2755)-Rublevsky,S (2676) Moscow 2007}) ({RR} 6. c4 e5 7. cxd5 cxd5 8. O-O Ngf6 9. Nc3 h6 10. Qb3 Qa5 11. Qxb7 Rb8 12. Qc6 d4 13. Ne4 Nxe4 14. dxe4 Qb5 15. Qd5 Be7 16. e3 Qxd5 17. exd5 d3 18. e4 O-O 19. g4 Bg6 20. Ne1 Nc5 {Stanojevic,I (2224)-Cherry,A (1991) chess.com INT 2025 1-0 (39)}) 6... Bxf3 $146 ({RR} 6... f6 7. d4 Qb6 8. Nbd2 g5 9. Be3 Qxb2 10. Rb1 Qxa2 11. Rxb7 Qa6 12. Rb2 Nb6 13. O-O e6 14. Qa1 Qc8 15. c4 dxc4 16. Rc1 Ne7 17. Nxc4 Ned5 18. Bd2 Be7 19. Na5 O-O 20. Nxc6 Qd7 21. e4 {Lambrechts,K (2293)-Van Son,L (2160) Germany 2018 1-0 (37)}) 7. exf3 e5 8. Qe2 Bd6 9. Bxe5 Bxe5 10. f4 Qb6 11. c3 O-O-O 12. fxe5 Nxe5 13. Qxe5 Qxb2 14. O-O Nf6 15. h4 Qxa1 16. Bh3+ Nd7 17. Nd2 Qxa2 18. Nf3 Rhe8 19. Qxg7 Kc7 20. Ng5 Ne5 21. d4 Nc4 22. Nxf7 Kb6 23. Nxd8 Rxd8 24. Qe7 Ra8 25. Bf5 Nd2 26. Rd1 a5 27. Qe2 Rf8 28. Rxd2 Qa1+ 29. Rd1 Qxc3 30. Rb1+ Ka7 31. Qe7 Rb8 32. Bc8 1-0

[Event "Lindores Abbey Blitz Tal Memorial"]
[Site "Riga"]
[Date "2021.11.08"]
[Round "18.28"]
[White "Swiercz, Dariusz"]
[Black "Kovalev, Vladislav"]
[Result "1-0"]
[WhiteElo "2689"]
[BlackElo "2573"]
[PlyCount "52"]
[EventDate "2021.11.08"]
[EventType "swiss (blitz)"]
[EventRounds "18"]
[EventCountry "LAT"]
[SourceTitle "CBM 205 Extra"]
[Source "ChessBase"]
[SourceDate "2022.01.31"]
[SourceVersion "1"]
[SourceVersionDate "2022.01.31"]
[SourceQuality "1"]

1. Nf3 Nf6 2. b3 g6 3. Bb2 Bg7 4. g3 O-O 5. Bg2 d5 6. c4 dxc4 7. bxc4 c5 8. O-O Nc6 9. d3 Qc7 10. Nc3 ({RR} 10. Nbd2 b6 11. Qc2 Bb7 12. Bc3 Rad8 13. Qb2 Ne8 14. Ne4 Bxc3 15. Nxc3 Nf6 16. Rfd1 Rfe8 17. Rab1 Qb8 18. Qd2 Kg7 19. Qb2 Kg8 20. Rd2 Nd4 21. Ne1 h5 22. h3 e5 23. e4 h4 24. Kh2 Nh5 {Artemiev,V (2731)-Giri,A (2776) Bucharest 2019 1-0 (43)}) 10... a6 11. Nd5 ({RR} 11. Rb1 Rd8 12. Na4 b5 13. cxb5 axb5 14. Nxc5 Rxa2 15. Qb3 Ra7 16. Qxb5 Bg4 17. Rfc1 Ra5 18. Qb7 Rc8 19. Qxc7 Rxc7 20. h3 Bxf3 21. Bxf3 Nd8 22. d4 h6 23. Bc3 Raxc5 24. dxc5 Ne6 25. c6 Ng5 {Levin,E (2469)-Lugovskoy,M (2382) Sochi RUS 2024 1-0}) 11... Nxd5 12. Bxg7 Ne3 $146 ({RR} 12... Kxg7 13. cxd5 Nb4 14. Qb3 e6 15. e4 exd5 16. a3 dxe4 17. dxe4 Nc6 18. Qc3+ Kg8 19. Qxc5 Bg4 20. Rab1 Rac8 21. Rfc1 Rfd8 22. h3 Bxf3 23. Bxf3 h5 24. h4 Qd7 25. Qe3 Nd4 26. Rxc8 Rxc8 27. Rd1 {Javakhishvili,L (2475)-Atakishiyev,E (2223) Chess.com INT 2020 0-1 (54)}) 13. Qc1 Kxg7 14. Qxe3 b6 15. Rab1 Rb8 16. Rb2 Rd8 17. Rfb1 Nd4 18. Qe5+ Qxe5 19. Nxe5 f6 20. Nf3 Nxf3+ 21. Bxf3 Rd6 22. h4 Bd7 23. Rb3 b5 24. cxb5 axb5 25. Rc3 Rc8 26. Rbc1 Ra6 1-0

[Event "Speed Chess"]
[Site "Chess.com INT"]
[Date "2021.11.11"]
[Round "1.11"]
[White "Nakamura, Hikaru"]
[Black "Svidler, Peter"]
[Result "1-0"]
[WhiteElo "2736"]
[BlackElo "2694"]
[PlyCount "91"]
[EventDate "2021.11.08"]
[EventType "k.o. (blitz)"]
[EventRounds "4"]
[EventCountry "USA"]
[SourceTitle "CBM 205 Extra"]
[Source "ChessBase"]
[SourceDate "2022.01.31"]
[SourceVersion "1"]
[SourceVersionDate "2022.01.31"]
[SourceQuality "1"]

1. Nf3 Nf6 2. b3 g6 3. Bb2 Bg7 4. g3 O-O 5. Bg2 d5 6. O-O c5 7. c4 dxc4 8. bxc4 Nc6 9. d3 Bd7 10. Nc3 ({RR} 10. Nbd2 Qc8 11. Rb1 b6 12. Ne5 Nxe5 13. Bxe5 Bc6 14. a4 Bxg2 15. Kxg2 h5 16. Nf3 Qc6 17. Kg1 Rfd8 18. Qb3 Qe6 19. Qb2 Ne8 20. Ra1 Bxe5 21. Qxe5 Qxe5 22. Nxe5 Nd6 23. Rfb1 Kg7 24. a5 bxa5 {Blohberger,F (2505)-Horvath,D (2553) Innsbruck AUT 2024 1-0 (47)}) 10... Rc8 ({RR} 10... e6 11. Rb1 Rb8 12. Ba1 b6 13. e3 Qe7 14. d4 cxd4 15. exd4 Rfd8 16. d5 Na5 17. Qe2 Qc5 18. Ne5 exd5 19. Nxd5 Be6 20. Nd3 Qxc4 21. Nxf6+ Bxf6 22. Bxf6 Qxd3 23. Qb2 Nc4 24. Qa1 Rd7 25. Bh8 {Ibarra Jerez,J (2559)-Ambartsumova,K (2405) chess.com INT 2025 1-0 (87)}) 11. Rb1 b6 12. Nd5 $146 ({RR} 12. Qd2 e5 13. Nd5 Ne8 14. Bc3 Nd6 15. Qb2 Re8 16. e3 Rb8 17. a4 f6 18. Ne1 Ne7 19. f4 Nf7 20. fxe5 fxe5 21. Rxf7 Kxf7 22. Qf2+ Kg8 23. Nf6+ Kh8 24. Nxe8 Bxe8 25. Nf3 Qxd3 26. Qb2 Qxe3+ {Gabrovsek,Z-Udovcic,M Ljubljana 1955 0-1 (39)}) 12... e6 13. Nxf6+ Bxf6 14. Qc1 Kg7 15. Nd2 Nd4 16. Re1 Bc6 17. e3 Bxg2 18. Kxg2 Nc6 19. Ne4 Bxb2 20. Qxb2+ f6 21. Rbd1 e5 22. Nc3 Qd7 23. Nd5 Ne7 24. e4 Nc6 25. f4 Nd4 26. Rf1 exf4 27. Rxf4 f5 28. exf5 Rxf5 29. Rxd4 cxd4 30. Qxd4+ Kf7 31. g4 Rxd5 32. Rf1+ Kg8 33. cxd5 Rc5 34. d6 Qc6+ 35. Qe4 Rc2+ 36. Kg1 Qd7 37. Qd5+ Kg7 38. Qe5+ Kg8 39. Qd5+ Kg7 40. Qd4+ Kg8 41. Qf4 Rc8 42. Re1 Rf8 43. Qc4+ Kh8 44. Qd4+ Qg7 45. Re5 Kg8 46. d7 1-0

[Event "Speed Chess"]
[Site "Chess.com INT"]
[Date "2021.11.11"]
[Round "1.15"]
[White "Nakamura, Hikaru"]
[Black "Svidler, Peter"]
[Result "1-0"]
[WhiteElo "2736"]
[BlackElo "2694"]
[PlyCount "83"]
[EventDate "2021.11.08"]
[EventType "k.o. (blitz)"]
[EventRounds "4"]
[EventCountry "USA"]
[SourceTitle "CBM 205 Extra"]
[Source "ChessBase"]
[SourceDate "2022.01.31"]
[SourceVersion "1"]
[SourceVersionDate "2022.01.31"]
[SourceQuality "1"]

1. Nf3 Nf6 2. b3 d5 3. Bb2 Bf5 4. g3 e6 5. Bg2 h6 6. Ne5 ({RR} 6. d3 Bb4+ 7. Nbd2 Nbd7 8. O-O O-O 9. h3 Bh7 10. a3 Be7 11. Qe1 c5 12. e4 b5 13. Qe2 a5 14. a4 bxa4 15. Rxa4 Nb6 16. Ra2 a4 17. Rfa1 axb3 18. Rxa8 Nxa8 19. Nxb3 dxe4 20. Ne5 exd3 {Gomes,M (2322)-Franco Valencia,A (2095) Chennai IND 2024 1-0}) 6... Nbd7 $146 ({RR} 6... Be7 7. d3 O-O 8. Nd2 Bh7 9. e4 c6 10. Qe2 a5 11. a3 Nbd7 12. Nxd7 Nxd7 13. O-O Bf6 14. d4 Qb6 15. Qe3 Rfe8 16. e5 Be7 17. c4 a4 18. b4 dxc4 19. Nxc4 Qa6 20. Rfc1 Nb6 21. Bf1 {Nakamura,H (2736)-Svidler,P (2694) Chess.com INT 2021 1-0 (43)}) 7. Nxd7 Qxd7 8. d3 Be7 9. Nd2 Bh7 10. e4 O-O 11. Qe2 a5 12. O-O a4 13. c4 c6 14. Rfd1 Ra6 15. Nf3 Rfa8 16. exd5 cxd5 17. Ne5 Qd8 18. h3 Bf8 19. Kh2 axb3 20. axb3 Rxa1 21. Rxa1 Rxa1 22. Bxa1 b5 23. Nc6 Qa8 24. Bxf6 Qxc6 25. cxd5 exd5 26. Bd4 Bf5 27. f4 Be6 28. Bf3 Qc1 29. Qd1 Qxd1 30. Bxd1 Bf5 31. Be2 Bd6 32. Kg2 g5 33. g4 Bd7 34. fxg5 hxg5 35. Bf6 Bf4 36. d4 Kh7 37. Bd3+ Kh6 38. Kf3 Bd2 39. Ke2 Bf4 40. Kd1 b4 41. Be7 Be3 42. Bf8# 1-0

[Event "Speed Chess"]
[Site "Chess.com INT"]
[Date "2021.11.11"]
[Round "1.17"]
[White "Nakamura, Hikaru"]
[Black "Svidler, Peter"]
[Result "1-0"]
[WhiteElo "2736"]
[BlackElo "2694"]
[PlyCount "85"]
[EventDate "2021.11.08"]
[EventType "k.o. (blitz)"]
[EventRounds "4"]
[EventCountry "USA"]
[SourceTitle "CBM 205 Extra"]
[Source "ChessBase"]
[SourceDate "2022.01.31"]
[SourceVersion "1"]
[SourceVersionDate "2022.01.31"]
[SourceQuality "1"]

1. Nf3 Nf6 2. b3 d5 3. Bb2 Bf5 4. g3 e6 5. Bg2 h6 6. Ne5 Be7 7. d3 O-O 8. Nd2 Bh7 9. e4 c6 10. Qe2 a5 11. a3 Nbd7 12. Nxd7 Nxd7 13. O-O Bf6 14. d4 $146 ({RR} 14. e5 Be7 15. a4 b5 16. Kh1 Qb6 17. f4 bxa4 18. Rxa4 Nc5 19. Bd4 Qb5 20. Ra2 Na6 21. Ra4 Bc5 22. Nf3 Nb4 23. Bxc5 Qxc5 24. Ne1 Qc3 25. h3 Rab8 26. Rf2 Rb5 27. Qd2 Qb2 28. Qd1 Qd4 {Koscielski,J (2280)-Warmerdam,M (2389) Germany 2018 0-1 (39)}) 14... Qb6 15. Qe3 Rfe8 16. e5 Be7 17. c4 a4 18. b4 dxc4 19. Nxc4 Qa6 20. Rfc1 Nb6 21. Bf1 Nxc4 22. Bxc4 Qa7 23. Rd1 Bd8 24. Rd2 Bb6 25. Rad1 Rad8 26. h4 Rd7 27. g4 Qb8 28. Kg2 Qd8 29. Kg3 Qe7 30. h5 Red8 31. f4 Kh8 32. Bc3 Bc7 33. Rf1 f6 34. Kh3 fxe5 35. fxe5 b5 36. Ba2 Bb6 37. Rf4 c5 38. bxc5 Bxc5 39. Ba5 Bxd4 40. Bxd8 Bxe3 41. Bxe7 Bxd2 42. Rf8+ Bg8 43. Rxg8+ 1-0

[Event "Speed Chess"]
[Site "Chess.com INT"]
[Date "2021.11.11"]
[Round "1.37"]
[White "Nihal, Sarin"]
[Black "Grischuk, Alexander"]
[Result "1-0"]
[WhiteElo "2650"]
[BlackElo "2773"]
[PlyCount "71"]
[EventDate "2021.11.08"]
[EventType "k.o. (blitz)"]
[EventRounds "4"]
[EventCountry "USA"]
[SourceTitle "CBM 205 Extra"]
[Source "ChessBase"]
[SourceDate "2022.01.31"]
[SourceVersion "1"]
[SourceVersionDate "2022.01.31"]
[SourceQuality "1"]

1. Nf3 c5 2. b3 Nc6 3. Bb2 d5 4. e3 a6 5. d4 cxd4 6. Nxd4 Nf6 7. Nd2 e6 8. Be2 Bd6 9. O-O e5 10. Nxc6 bxc6 11. c4 O-O 12. Rc1 ({RR} 12. Qc2 Qe7 13. Rfd1 Bb7 14. Rac1 a5 15. Nf3 Rfd8 16. Qb1 Ba6 17. Rc2 Bc8 18. Qa1 Bf5 19. Rcc1 Bg4 20. h3 Bh5 21. Rc2 Bg6 22. Rcc1 Bh5 23. cxd5 cxd5 24. Rc2 Bg6 25. Rcd2 d4 26. exd4 Ne4 {Nakamura,H (2775)-Deac,B (2700) chess.com INT 2023 1-0 (40)}) ({RR} 12. cxd5 cxd5 13. Rc1 Bb7 14. Nf3 Qe7 15. Qc2 Rfe8 16. Qf5 Ne4 17. Qh5 g6 18. Qh6 f6 19. Rfd1 Rac8 20. Qh3 Ba3 21. Bxa3 Qxa3 22. Qd7 Qb4 23. Rxc8 Rxc8 24. Qe6+ Kf8 25. h3 Qd6 26. Qxd6+ Nxd6 {Theodorou,N (2611)-Niemann,H (2734) chess.com INT 2025 0-1 (90)}) 12... Qe7 13. Nf3 $146 ({RR} 13. Qc2 Bb7 14. Qf5 h6 15. c5 Bc7 16. Qc2 Rad8 17. b4 Bc8 18. a4 Ne8 19. b5 axb5 20. axb5 f5 21. b6 Bb8 22. Qa4 Bd7 23. f3 g5 24. e4 fxe4 25. fxe4 Rxf1+ 26. Nxf1 d4 27. Ng3 Ng7 {Veselica,N (2171)-Pastor,S (2200) Novi Sad 2006 1-0 (51)}) 13... Bb7 14. h3 Rfe8 15. Qc2 Rad8 16. Rfd1 Bb8 17. cxd5 cxd5 18. Qc5 Bd6 19. Qb6 Rb8 20. Qa5 h6 21. Bf1 d4 22. exd4 Bxf3 23. gxf3 e4 24. Re1 Bb4 25. Qf5 Bxe1 26. Rxe1 Qb4 27. Re3 exf3 28. Rxf3 Re1 29. Bc3 Rxf1+ 30. Kxf1 Qd6 31. Qe5 Qd8 32. d5 Rb5 33. Rg3 Kh8 34. Rd3 Qd7 35. Kg1 Rb8 36. Qxb8+ 1-0

[Event "Speed Chess"]
[Site "Chess.com INT"]
[Date "2021.11.15"]
[Round "1.110"]
[White "Xiong, Jeffery"]
[Black "So, Wesley"]
[Result "1-0"]
[WhiteElo "2687"]
[BlackElo "2772"]
[PlyCount "43"]
[EventDate "2021.11.08"]
[EventType "k.o. (blitz)"]
[EventRounds "4"]
[EventCountry "USA"]
[SourceTitle "EXT 2023"]
[Source "ChessBase"]
[SourceDate "2022.10.05"]
[SourceVersion "1"]
[SourceVersionDate "2022.10.05"]
[SourceQuality "1"]

1. Nf3 d5 2. c4 d4 3. b4 f6 4. e3 e5 5. c5 a5 6. Qa4+ c6 7. Bc4 Ne7 8. O-O Na6 9. a3 axb4 10. axb4 Nc7 11. Qxa8 Nxa8 12. Rxa8 g5 13. exd4 e4 14. Re1 exf3 15. Be6 $146 ({RR} 15. Nc3 b5 16. Be6 Qxd4 17. Ne4 Kd8 18. Nd6 Kc7 19. Bxc8 Nxc8 20. Rxc8+ Kd7 21. Ree8 Bxd6 22. Rcd8+ Kc7 23. Rxh8 Bxh2+ 24. Kxh2 Qxf2 25. Rc8+ Kd7 26. Rhd8+ Ke7 27. Re8+ Kf7 28. Rf8+ Kg7 {0-1 (28) Xiong,J (2687)-So,W (2772) Chess.com INT 2021}) 15... Qxd4 16. Bxc8 Kf7 17. Be6+ Kg6 18. Nc3 Qxb4 19. Ne4 Bg7 20. Ra3 Nd5 21. Nd6 Nf4 22. Bf7+ 1-0

[Event "Speed Chess"]
[Site "Chess.com INT"]
[Date "2021.12.02"]
[Round "2.13"]
[White "Nakamura, Hikaru"]
[Black "Giri, Anish"]
[Result "1-0"]
[WhiteElo "2736"]
[BlackElo "2774"]
[PlyCount "91"]
[EventDate "2021.11.08"]
[EventType "k.o. (blitz)"]
[EventRounds "4"]
[EventCountry "USA"]
[SourceTitle "EXT 2023"]
[Source "ChessBase"]
[SourceDate "2022.10.05"]
[SourceVersion "1"]
[SourceVersionDate "2022.10.05"]
[SourceQuality "1"]

1. Nf3 d5 2. b3 Bf5 3. Bb2 e6 4. d3 h6 5. Nbd2 Nf6 6. Ne5 Bh7 7. g3 Be7 8. Bg2 Nbd7 9. Nxd7 Qxd7 10. e4 $146 ({RR} 10. O-O O-O 11. Re1 c6 12. e4 Qc7 13. Qe2 a5 14. a3 Rfe8 15. Nf1 Rad8 16. e5 Nd7 17. a4 c5 18. Ne3 Nb8 19. f4 Nc6 20. Rad1 Nd4 21. Qf2 Nf5 22. c4 Nxe3 23. Qxe3 Qb6 24. cxd5 Qxb3 {Nakamura,H (2750)-Sjugirov,S (2696) Chess.com INT 2022 0-1 (40)}) 10... O-O 11. Qe2 Rfd8 12. e5 Ne8 13. O-O c5 14. Rfd1 b5 15. c4 Nc7 16. Rac1 Rac8 17. h4 a5 18. Nf1 a4 19. Ne3 axb3 20. axb3 bxc4 21. bxc4 dxc4 22. dxc4 Qa4 23. Bc3 Qa3 24. Qe1 Qb3 25. Ra1 Rxd1 26. Rxd1 Na6 27. Rd7 Rc7 28. Rxc7 Nxc7 29. Qd2 Qb1+ 30. Kh2 Qd3 31. Qb2 Na6 32. Qb7 Qxc3 33. Qxe7 Bg6 34. h5 Bxh5 35. Be4 g6 36. Qd8+ Kg7 37. Qf6+ Kg8 38. g4 Qd4 39. Bf3 Nc7 40. gxh5 Ne8 41. Qe7 Qxe5+ 42. Kh3 Nf6 43. hxg6 fxg6 44. Ng4 Nxg4 45. Bxg4 Qc3+ 46. Kg2 1-0